| 000 | 00760nam a2200265Ia 4500 | ||
|---|---|---|---|
| 003 | OSt | ||
| 005 | 20221006160255.0 | ||
| 006 | a|||||r|||| 00| 0 | ||
| 007 | ta | ||
| 008 | 221006b |||||||| |||| 00| 0 eng d | ||
| 020 |
_a9789810808068 _c _56.00 |
||
| 024 | _a44,789 | ||
| 037 |
_bgift, Window on Korea _cTextual |
||
| 040 |
_aEASL _cEASL _beng |
||
| 041 |
_2eng _aeng |
||
| 082 | _aNA495,37, P5 | ||
| 100 |
_aHoon Shin Young _9672746 |
||
| 245 | 0 |
_aRoyal palaces of Korea _b Six centuries of dynastic grandeur |
|
| 260 |
_aSingapore _bStallion Press _c2005 |
||
| 300 |
_a384p. _ccm. |
||
| 490 | _v KEL | ||
| 650 | _aKEL | ||
| 942 |
_hNA495,37, P5 _cTEXL _2CC |
||
| 999 |
_c1112881 _d1112881 |
||